<?xml version="1.0" encoding="UTF-8"?>
<record
    xmlns:xsi="http://www.w3.org/2001/XMLSchema-instance"
    xsi:schemaLocation="http://www.loc.gov/MARC21/slim http://www.loc.gov/standards/marcxml/schema/MARC21slim.xsd"
    xmlns="http://www.loc.gov/MARC21/slim">

  <leader>00964cam a22002411  4500</leader>
  <controlfield tag="001">ne 64003565 </controlfield>
  <controlfield tag="003">DLC</controlfield>
  <controlfield tag="005">20260227111809.0</controlfield>
  <controlfield tag="008">890824m19641969ua            000 0 arar </controlfield>
  <datafield tag="010" ind1=" " ind2=" ">
    <subfield code="a">ne 64003565 </subfield>
  </datafield>
  <datafield tag="035" ind1=" " ind2=" ">
    <subfield code="a">(OCoLC)20243639</subfield>
  </datafield>
  <datafield tag="040" ind1=" " ind2=" ">
    <subfield code="a">DLC</subfield>
    <subfield code="c">CU</subfield>
    <subfield code="d">CU</subfield>
    <subfield code="d">DLC</subfield>
  </datafield>
  <datafield tag="042" ind1=" " ind2=" ">
    <subfield code="a">premarc</subfield>
  </datafield>
  <datafield tag="050" ind1="0" ind2="0">
    <subfield code="a">LAW &lt;Islam 7 Jazi 1964-&gt;</subfield>
  </datafield>
  <datafield tag="100" ind1="1" ind2=" ">
    <subfield code="a">Jaz&#x12B;r&#x12B;, &#x2BB;Abd al-Ra&#x1E25;m&#x101;n.</subfield>
  </datafield>
  <datafield tag="245" ind1="1" ind2="0">
    <subfield code="a">Kit&#x101;b al-fiqh &#x2BB;al&#xE1; al-madh&#x101;hib al-arba&#x2BB;ah,</subfield>
    <subfield code="c">ta&#x2BC;l&#x12B;f &#x2BB;Abd al-Ra&#x1E25;m&#x101;n al-Jaz&#x12B;r&#x12B;.</subfield>
  </datafield>
  <datafield tag="260" ind1=" " ind2=" ">
    <subfield code="a">al-Q&#x101;hirah,</subfield>
    <subfield code="b">al-Maktabah al-Tij&#x101;r&#x12B;yah al-Kubr&#xE1;,</subfield>
    <subfield code="c">[1964-1969]</subfield>
  </datafield>
  <datafield tag="300" ind1=" " ind2=" ">
    <subfield code="a">4 v.</subfield>
    <subfield code="c">28 cm.</subfield>
  </datafield>
  <datafield tag="500" ind1=" " ind2=" ">
    <subfield code="a">This set is made up of various editions.</subfield>
  </datafield>
  <datafield tag="500" ind1=" " ind2=" ">
    <subfield code="a">A revised ed. of kit&#x101;b al-fiqh &#x2BB;al&#xE1; al-madh&#x101;hib al-arba&#x2BB;ah, vol. 1 of which was originally issued by the ministry of waqfs in 1928.</subfield>
  </datafield>
  <datafield tag="505" ind1="0" ind2=" ">
    <subfield code="a">Juz&#x2BC; 1. qism al-&#x2BB;ib&#x101;d&#x101;t -- juz&#x2BC; 2,3. qism al-mu&#x2BB;&#x101;mal&#x101;t -- juz&#x2BC; 4. qism al-a&#x1E25;w&#x101;l al-shakh&#x1E63;&#x12B;yah.</subfield>
  </datafield>
  <datafield tag="650" ind1=" " ind2="0">
    <subfield code="a">Islamic law.</subfield>
  </datafield>
  <datafield tag="999" ind1=" " ind2=" ">
    <subfield code="c">47776</subfield>
    <subfield code="d">47776</subfield>
  </datafield>
</record>
